Wiederaufbau : Dokumente uber Zerstorungen, Planungen, Konstruktionen /

Hlavní autor: Bill, Max, 1908-1994
Jazyk: Němčina
Vydáno: Erlenbach-Zürich : Verlag fur Architektur, 1945
Fyzický popis: 176 s. : il., mapy, plány
Knihy
Uloženo v:
LEADER 00738nam a22001932a 4500
001 001904221
003 CZ BrMZK
005 20240809093533.0
007 ta
008 240809s1945 sz abe er|||||||||||ger d
040 |a BOA001  |b cze  |e aacr2 
100 1 |a Bill, Max,  |d 1908-1994  |7 jn20000700174  |4 aut 
245 1 0 |a Wiederaufbau :  |b Dokumente uber Zerstorungen, Planungen, Konstruktionen /  |c Max Bill ; herausgegeben von der Abteilung Aussenhandel des Schweizerischen Gewerbeverbandes 
260 |a Erlenbach-Zürich :  |b Verlag fur Architektur,  |c 1945 
300 |a 176 s. :  |b il., mapy, plány 
910 |a BOA001  |b 2-0187.520 
990 |a BK 
991 |b 202407 
996 7 |b 2618777595  |c 2-0187.520  |l MZK  |r Sklad / do 24 hodin  |n 0  |w 001973107  |u 000010  |a 1  |e BOA001  |j MZK50  |s A